000 00309nam a22001337a 4500
003 SGT
020 _a81-921297-3-X
082 _a651
_bBIS
100 _aBISWAS, SANDIPAN
245 _aFUNDAMENTALS OF LODGING AND FOOD SERVICE INDIA
260 _aDELHI
_bNAMAN PUB.
_c2012
300 _a312
942 _2ddc
_cBK
999 _c21074
_d21074